000 00434nam a2200181Ia 4500
001 4350
005 20260306145749.0
008 260306t1989||||xx |||||||||||||| ||spa||
041 _aESP
082 _a320.985
_bC28
100 _aCaravedo M., Baltazar
_eAUT
245 0 _aCiudad y región:
_blos límites del nuevo descentralismo
260 _c1989
300 _a
_c
650 _aGEN
654 _aCDE
942 _cLIB
_dJUS
_fJUS
_2ddc
_n
999 _c4350
_d4350